History Quiz

Random History Quiz
Score 0/10 Timer 10:00
0 Plays Today
% Correct
HMAS Sydney II
66.7%
HMAS Perth
66.7%
HMAS Canberra
55.6%
HMAS Australia II
33.3%
HMAS Gympie
33.3%
HMAS Parramatta
33.3%
HMAS Bowen
33.3%
HMAS Maryborough
22.2%
HMAS Kanimbla
22.2%
HMAS Bathurst
22.2%
Remove Ads.
Support Sporcle.
Get the best of Sporcle when you Go Orange. This ad-free experience offers more features, more stats, and more fun while also helping to support Sporcle. Thank you for becoming a member.

You're not logged in!

Compare scores with friends on all Sporcle quizzes.
OR
Log In

Show Comments

Extras

Created Nov 12, 2010ReportNominate
Tags:ship, World War II

Top Quizzes Today


Score Distribution

Your Account Isn't Verified!

In order to create a playlist on Sporcle, you need to verify the email address you used during registration. Go to your Sporcle Settings to finish the process.

Report this User

Report this user for behavior that violates our Community Guidelines.

Details: